1694 1037 1043 1017 1420 1339 1837 1574 1548 1450 1681 1989 1285 1153 1692 1052 1912 1985 1581 1821 1070 1405 1102 1922 1697 1484 1157 1659 1198 1254 1524 1275 1396 1390 1263 1978 1371 1240 1361 1124 1533 1435 1081 1132 1906 1170 1694 1866 1706 1066 1468 1302 1426 1312 1705 1846 1045 1928 1374 1408 1447 1710 1023 1229 1833 1699 1340 1139 1544 1555 1889 1486 1681 1061 1474 1334 1047 1061 1621 1801 1587 1754 1501 1694 1344 1294 1648 1166 1193 1383 1697 1589 1763 1815 1941 1837 1115 1454 1483 BCNSPRNW ULIB Ver.6.0+V

เปลี่ยนเป็นภาษาไทย

Change to English
 แสดงรายละเอียดบรรณานุกรม
  กลับหน้าหลัก

Brief Record : Get Marc (ISO 2709) : E-mail record : QR code < ปิดหน้าต่าง
LEADER : 00000nam 2200000uu 4500
001    13399114581
003     ULIB
008    120418s2551||||th 000 0 tha d
020    ^a9789749935248
090    ^aนว.^bป338ศ 2551
100 0  ^aประภัสสร
245 00 ^aดอกไม้ใต้หมอน/^cประภัสสร
250    ^aพิมพ์ครั้งที่ 5
260    ^aกรุงเทพฯ :^bสำนักพิมพ์อรุณ^c2551
300    ^a263 หน้า
945    ^p195^l0^i15022
995    ^aกัณชพร
999    ^aใช้งานได้ทุกระบบ
รายการนี้ยังไม่มีแท็ก
คุณยังไม่ได้ล็อกอิน คุณสามารถมีกิจกรรมร่วมกับเว็บไซต์ได้ แต่ต้องล็อกอินก่อน ::
  ล็อกอิน

รายการสื่อสารสนเทศ

ลำดับที่ ประเภท เลขเรียก/บาร์โค้ด สถานที่ สถานะ
1. วิทยาศาสตร์การแพทย์ และสุขภาพ
วิทยาศาสตร์การแพทย์ และสุขภาพ
นว. ป338ศ 2551  
  Barcode: 15022
ห้องสมุดวิทยาเขตสวรรค์ประชารักษ์
►นวนิยาย
บนชั้น
  ขอยืม

รายการใกล้เคียง
    ผู้แต่ง [ประภัสสร]

BibComment


ยังไม่เคยถูกคอมเมนท์

คอมเมนท์ทรัพยากรรายการนี้
  คอมเมนท์: ดอกไม้ใต้หมอน ปร..


 Copyright 2026. Bcnsprnw @Library